[Event "DFMMLV 2019"]
[Site "Braunfels"]
[Date "2019.06.22"]
[Round "4.46"]
[White "Frank, Michelle Viviane"]
[Black "von Beckh, Frieda"]
[Result "1/2-1/2"]
[WhiteElo "1915"]
[BlackElo "1465"]
[Annotator "NA"]
[PlyCount "140"]
[EventDate "2019.06.20"]
[EventType "team-tourn"]
[EventCountry "GER"]
[SourceTitle "playchess.com"]
[Source "ChessBase"]
[SourceQuality "1"]
[WhiteTeam "Hessen 1"]
[BlackTeam "Hessen 2"]
[TimeControl "40/5400+30:1800+30"]

1. d4 {[%emt 0:00:00]} d5 {[%emt 0:00:00]} 2. c4 {[%emt 0:00:00]} e6 {[%emt 0:00:00]} 3. Nc3 {[%emt 0:00:00]} Nf6 {[%emt 0:00:00]} 4. Bg5 {[%emt 0:00:06]} Nbd7 {[%emt 0:00:01]} 5. cxd5 {[%emt 0:00:14]} exd5 {[%emt 0:00:08]} 6. Qc2 {[%emt 0:00:10]} Nb6 {[%emt 0:01:10]} 7. e3 {[%emt 0:00:15]} Bb4 {[%emt 0:00:47]} 8. Bd3 {[%emt 0:00:18]} h6 {[%emt 0:00:14]} 9. Bh4 {[%emt 0:00:11]} Be6 {[%emt 0:00:45]} 10. Nge2 {[%emt 0:00:24]} O-O {[%emt 0:00:42]} 11. Nf4 {[%emt 0:00:22]} Bd7 {[%emt 0:01:20]} 12. Nh5 {[%emt 0:00:58]} Be7 {[%emt 0:00:56]} 13. Bxf6 {[%emt 0:00:51]} Bxf6 {[%emt 0:00:18]} 14. Bf5 {[%emt 0:00:25]} Bxf5 {[%emt 0:01:51]} 15. Qxf5 {[%emt 0:00:19]} Bg5 {[%emt 0:01:09]} 16. Qc2 {[%emt 0:01:20]} Re8 {[%emt 0:02:24]} 17. O-O {[%emt 0:01:02]} Qd7 {[%emt 0:03:18]} 18. Ng3 {[%emt 0:00:22]} Qc6 {[%emt 0:03:32]} 19. Rac1 {[%emt 0:00:55]} a5 {[%emt 0:01:54]} 20. Qe2 {[%emt 0:01:16]} Qc4 {[%emt 0:02:44]} 21. Qg4 {[%emt 0:00:40]} Qb4 {[%emt 0:02:51]} 22. f4 {[%emt 0:00:47]} Bf6 {[%emt 0:01:06]} 23. Nh5 {[%emt 0:00:11]} Re6 {[%emt 0:00:50]} 24. f5 {[%emt 0:00:58]} Rd6 {[%emt 0:01:05]} 25. Nxg7 {[%emt 0:03:22]} Bg5 {[%emt 0:01:33]} 26. Nh5 {[%emt 0:00:27]} Kh8 {[%emt 0:00:31]} 27. Nd1 {[%emt 0:06:53]} Rg8 {[%emt 0:02:09]} 28. Qe2 {[%emt 0:01:19]} Nc4 {[%emt 0:03:12]} 29. Rc3 {[%emt 0:03:53]} a4 {[%emt 0:03:54]} 30. b3 {[%emt 0:00:48]} axb3 31. axb3 {[%emt 0:00:05]} Nxe3 {[%emt 0:03:54]} 32. Rxe3 {[%emt 0:00:10]} Qxd4 {[%emt 0:00:17]} 33. Kh1 {[%emt 0:00:33]} Bxe3 {[%emt 0:01:00]} 34. Qxe3 {[%emt 0:00:25]} Qxe3 {[%emt 0:01:48]} 35. Nxe3 {[%emt 0:00:05]} d4 {[%emt 0:01:09]} 36. Nc4 {[%emt 0:00:18]} Ra6 {[%emt 0:02:55]} 37. Ne5 {[%emt 0:01:03]} Rf8 {[%emt 0:01:31]} 38. g4 {[%emt 0:00:22]} Rd6 {[%emt 0:01:07]} 39. Nc4 {[%emt 0:01:22]} Rdd8 {[%emt 0:01:27]} 40. Nf4 {[%emt 0:00:29]} Rfe8 {[%emt 0:01:29]} 41. Nd3 {[%emt 0:32:57]} c5 {[%emt 0:35:15]} 42. Nxc5 {[%emt 0:00:24]} d3 {[%emt 0:00:37]} 43. Rd1 {[%emt 0:00:13]} d2 {[%emt 0:00:26]} 44. Rxd2 {[%emt 0:13:49]} Rxd2 {[%emt 0:01:12]} 45. Nxd2 {[%emt 0:00:13]} Re1+ {[%emt 0:00:06]} 46. Kg2 {[%emt 0:00:13]} Re2+ {[%emt 0:00:09]} 47. Kg3 {[%emt 0:00:04]} Rxd2 {[%emt 0:00:10]} 48. Nxb7 {[%emt 0:00:09]} Rd3+ {[%emt 0:00:15]} 49. Kf4 {[%emt 0:00:12]} Rxb3 {[%emt 0:00:07]} 50. Nd6 {[%emt 0:00:24]} Kg7 {[%emt 0:00:20]} 51. Ne4 {[%emt 0:00:06]} Rh3 {[%emt 0:01:49]} 52. Nf2 {[%emt 0:00:40]} Rxh2 {[%emt 0:01:36]} 53. Kg3 {[%emt 0:00:06]} Rxf2 {[%emt 0:00:06]} 54. Kxf2 {[%emt 0:00:03]} Kf6 {[%emt 0:00:18]} 55. Kg3 {[%emt 0:01:01]} Kg5 {[%emt 0:00:17]} 56. Kf3 {[%emt 0:01:11]} h5 {[%emt 0:00:58]} 57. gxh5 {[%emt 0:00:05]} Kxh5 {[%emt 0:00:09]} 58. Ke4 {[%emt 0:03:24]} Kg4 {[%emt 0:01:55]} 59. f6 {[%emt 0:07:30]} Kg5 60. Kf3 {[%emt 0:00:17]} Kxf6 {[%emt 0:00:40]} 61. Kf4 {[%emt 0:01:00]} Ke6 {[%emt 0:00:20]} 62. Ke4 {[%emt 0:00:09]} f5+ {[%emt 0:00:07]} 63. Kf3 {[%emt 0:00:43]} Ke5 {[%emt 0:00:32]} 64. Ke3 {[%emt 0:00:04]} f4+ {[%emt 0:00:08]} 65. Kf3 {[%emt 0:00:23]} Kf5 {[%emt 0:00:07]} 66. Kf2 {[%emt 0:00:10]} Ke4 {[%emt 0:00:05]} 67. Ke2 f3+ 68. Kf1 {[%emt 0:01:03]} Ke3 {[%emt 0:00:44]} 69. Ke1 {[%emt 0:00:06]} f2+ {[%emt 0:00:09]} 70. Kf1 {[%emt 0:00:04]} Kf3 {[%emt 0:00:04]} 1/2-1/2

[Event "DFMMLV 2019"]
[Site "Braunfels"]
[Date "2019.06.22"]
[Round "4.47"]
[White "Goetz, Fenja"]
[Black "Pralle, Katharina"]
[Result "*"]
[WhiteElo "1528"]
[BlackElo "1971"]
[Annotator "NA"]
[PlyCount "20"]
[EventDate "2019.06.20"]
[EventType "team-tourn"]
[EventCountry "GER"]
[SourceTitle "playchess.com"]
[Source "ChessBase"]
[SourceQuality "1"]
[WhiteTeam "Hessen 2"]
[BlackTeam "Hessen 1"]
[TimeControl "40/5400+30:1800+30"]

1. d4 {[%emt 0:00:00]} d5 {[%emt 0:00:00]} 2. Bf4 {[%emt 0:00:00]} Nf6 {[%emt 0:00:00]} 3. e3 {[%emt 0:00:00]} e6 {[%emt 0:00:01]} 4. c4 {[%emt 0:00:00]} Nbd7 {[%emt 0:00:26]} 5. Nc3 {[%emt 0:01:34]} c6 {[%emt 0:00:05]} 6. Nf3 {[%emt 0:01:07]} Be7 {[%emt 0:00:43]} 7. Be2 {[%emt 0:01:48]} dxc4 {[%emt 0:01:21]} 8. Bxc4 {[%emt 0:01:50]} b5 {[%emt 0:00:07]} 9. Bd3 {[%emt 0:02:22]} a6 {[%emt 0:00:10]} 10. O-O {[%emt 0:02:00]} Bb7 {[%emt 0:00:31]} *

[Event "DFMMLV 2019"]
[Site "Braunfels"]
[Date "2019.06.22"]
[Round "4.47"]
[White "Biesdorf, Ina"]
[Black "Werner, Rosalie"]
[Result "1/2-1/2"]
[WhiteElo "1405"]
[BlackElo "1610"]
[Annotator "NA"]
[PlyCount "95"]
[EventDate "2019.06.20"]
[EventType "team-tourn"]
[EventCountry "GER"]
[SourceTitle "playchess.com"]
[Source "ChessBase"]
[SourceQuality "1"]
[WhiteTeam "Hessen 2"]
[BlackTeam "Hessen 1"]
[TimeControl "40/5400+30:1800+30"]

1. d4 {[%emt 0:00:00]} d5 {[%emt 0:00:00]} 2. Bf4 {[%emt 0:00:00]} Nf6 {[%emt 0:00:00]} 3. e3 {[%emt 0:00:00]} e6 {[%emt 0:00:01]} 4. c4 {[%emt 0:00:00]} Nbd7 {[%emt 0:00:26]} 5. Nc3 {[%emt 0:01:34]} c6 {[%emt 0:00:05]} 6. Nf3 {[%emt 0:01:07]} Be7 {[%emt 0:00:43]} 7. Be2 {[%emt 0:01:48]} dxc4 {[%emt 0:01:21]} 8. Bxc4 {[%emt 0:01:50]} b5 {[%emt 0:00:07]} 9. Bd3 {[%emt 0:02:22]} a6 {[%emt 0:00:10]} 10. O-O {[%emt 0:02:00]} Bb7 {[%emt 0:00:31]} 11. h3 {[%emt 0:12:35]} c5 {[%emt 0:04:47]} 12. Be2 {[%emt 0:07:23]} O-O {[%emt 0:04:01]} 13. Ne5 {[%emt 0:15:05]} Rc8 {[%emt 0:03:44]} 14. Qd3 {[%emt 0:06:50]} cxd4 {[%emt 0:03:27]} 15. Qxd4 {[%emt 0:03:18]} Bc5 {[%emt 0:04:07]} 16. Qd3 {[%emt 0:04:14]} Qe7 {[%emt 0:04:02]} 17. Nxd7 {[%emt 0:06:19]} Qxd7 {[%emt 0:08:14]} 18. Qxd7 {[%emt 0:02:22]} Nxd7 {[%emt 0:00:09]} 19. Rfd1 {[%emt 0:01:43]} Rfd8 {[%emt 0:02:41]} 20. Bd6 {[%emt 0:02:47]} f6 {[%emt 0:11:04]} 21. Rac1 {[%emt 0:04:26]} Bxd6 {[%emt 0:01:49]} 22. Rxd6 {[%emt 0:01:34]} b4 {[%emt 0:02:05]} 23. Rcd1 {[%emt 0:02:58]} bxc3 {[%emt 0:00:20]} 24. bxc3 {[%emt 0:03:17]} Rc7 {[%emt 0:01:03]} 25. Rxe6 {[%emt 0:02:58]} Kf7 {[%emt 0:04:38]} 26. Red6 {[%emt 0:03:13]} Ke7 {[%emt 0:05:15]} 27. Bg4 {[%emt 0:06:21]} Bc6 {[%emt 0:04:38]} 28. Re6+ {[%emt 0:01:15]} Kf7 {[%emt 0:00:48]} 29. Rdd6 {[%emt 0:01:27]} Bb5 {[%emt 0:00:26]} 30. Re4 {[%emt 0:02:53]} Nc5 {[%emt 0:03:24]} 31. Rxd8 {[%emt 0:01:12]} Nxe4 {[%emt 0:00:09]} 32. Bf5 {[%emt 0:00:20]} Ng5 {[%emt 0:02:06]} 33. Rd6 {[%emt 0:00:45]} g6 {[%emt 0:02:37]} 34. Bc2 {[%emt 0:00:30]} Rxc3 {[%emt 0:01:06]} 35. Bb3+ {[%emt 0:00:10]} Ke7 {[%emt 0:00:21]} 36. Rb6 {[%emt 0:00:31]} Rc7 {[%emt 0:02:16]} 37. f4 {[%emt 0:00:22]} Nf7 {[%emt 0:02:51]} 38. Re6+ {[%emt 0:00:12]} Kf8 {[%emt 0:02:06]} 39. Rxf6 {[%emt 0:00:10]} Kg7 {[%emt 0:01:00]} 40. Rxf7+ {[%emt 0:01:35]} Rxf7 {[%emt 0:00:11]} 41. Bxf7 {[%emt 0:30:05]} Kxf7 {[%emt 0:30:06]} 42. Kf2 {[%emt 0:00:39]} Bc4 {[%emt 0:00:18]} 43. a3 {[%emt 0:00:10]} Ke6 {[%emt 0:00:15]} 44. e4 {[%emt 0:01:04]} Kd6 {[%emt 0:00:34]} 45. Ke3 {[%emt 0:00:00]} Kc5 {[%emt 0:00:00]} 46. g4 {[%emt 0:00:00]} Bf1 {[%emt 0:00:00]} 47. h4 {[%emt 0:00:00]} Bh3 {[%emt 0:00:00]} 48. f5 {[%emt 0:00:00]} 1/2-1/2

[Event "DFMMLV 2019"]
[Site "Braunfels"]
[Date "2019.06.22"]
[Round "4.48"]
[White "Heymann-Lobzhanidze, Anna-Luise"]
[Black "Dixon Quiroz, Laura Michaela"]
[Result "1-0"]
[WhiteElo "1950"]
[BlackElo "1258"]
[Annotator "NA"]
[PlyCount "75"]
[EventDate "2019.06.20"]
[EventType "team-tourn"]
[EventCountry "GER"]
[SourceTitle "playchess.com"]
[Source "ChessBase"]
[SourceQuality "1"]
[WhiteTeam "Hessen 1"]
[BlackTeam "Hessen 2"]
[TimeControl "40/5400+30:1800+30"]

1. e4 {[%emt 0:00:00]} e5 {[%emt 0:00:00]} 2. Bc4 {[%emt 0:00:00]} Bc5 {[%emt 0:00:00]} 3. Nf3 {[%emt 0:00:00]} Nc6 {[%emt 0:00:14]} 4. d3 {[%emt 0:00:00]} d6 {[%emt 0:00:57]} 5. c3 {[%emt 0:01:52]} h6 {[%emt 0:14:19]} 6. Bb3 {[%emt 0:01:20]} Nf6 {[%emt 0:05:37]} 7. Nbd2 {[%emt 0:00:30]} O-O {[%emt 0:03:22]} 8. O-O {[%emt 0:01:06]} a6 {[%emt 0:08:33]} 9. h3 {[%emt 0:00:12]} Kh8 {[%emt 0:07:59]} 10. Re1 {[%emt 0:01:01]} Nh7 {[%emt 0:02:12]} 11. g4 {[%emt 0:02:20]} g6 {[%emt 0:03:58]} 12. Nf1 {[%emt 0:01:14]} Kg7 13. Ng3 f6 {[%emt 0:20:26]} 14. Kg2 {[%emt 0:28:10]} Ng5 {[%emt 0:05:14]} 15. d4 {[%emt 0:13:58]} Nxf3 {[%emt 0:03:32]} 16. dxc5 {[%emt 0:01:09]} Nxe1+ {[%emt 0:01:59]} 17. Qxe1 {[%emt 0:01:54]} dxc5 {[%emt 0:01:01]} 18. Qe3 {[%emt 0:01:22]} g5 {[%emt 0:01:28]} 19. Nh5+ {[%emt 0:04:31]} Kh8 {[%emt 0:02:25]} 20. Qxc5 {[%emt 0:01:49]} Qe7 {[%emt 0:02:20]} 21. Be3 {[%emt 0:00:47]} Be6 {[%emt 0:01:28]} 22. Qxe7 {[%emt 0:00:14]} Nxe7 {[%emt 0:00:18]} 23. Bxe6 {[%emt 0:00:06]} b6 {[%emt 0:01:14]} 24. Rd1 {[%emt 0:00:45]} Rad8 {[%emt 0:00:33]} 25. Rxd8 {[%emt 0:01:09]} Rxd8 {[%emt 0:00:10]} 26. Nxf6 {[%emt 0:00:14]} Kg7 27. Nd5 {[%emt 0:02:57]} Nxd5 {[%emt 0:01:54]} 28. exd5 {[%emt 0:00:41]} Kf6 {[%emt 0:00:31]} 29. Kf3 {[%emt 0:00:32]} Rd6 {[%emt 0:03:41]} 30. Ke4 {[%emt 0:00:44]} a5 {[%emt 0:01:06]} 31. c4 {[%emt 0:00:14]} Rd8 {[%emt 0:00:52]} 32. Bd2 {[%emt 0:00:33]} Ra8 {[%emt 0:01:12]} 33. Bc3 {[%emt 0:00:09]} Ra7 {[%emt 0:01:03]} 34. Bxe5+ {[%emt 0:00:08]} Kg6 {[%emt 0:03:55]} 35. d6 {[%emt 0:01:38]} cxd6 {[%emt 0:00:30]} 36. Bd4 {[%emt 0:00:30]} Ra6 {[%emt 0:00:26]} 37. Bxb6 {[%emt 0:00:22]} Kg7 {[%emt 0:00:30]} 38. Bd4+ {[%emt 0:14:15] a4 Kd5+ h5 Bc8+ Ra8 Bf5+ Kf7 Kxd6 hxg4 hxg4 Ra6+ Kc7 Ke7 c5 Ra7+ Kb8 Ra5 c6 Rb5+ Ka7 Kd6 Be4 Rb3 Bb6 Rxb2 c7 Kd7 Bf5+} 1-0

[Event "DFMMLV 2019"]
[Site "Braunfels"]
[Date "2019.06.22"]
[Round "4.49"]
[White "Zschischang, Marine"]
[Black "Zimmer, Elke"]
[Result "1-0"]
[WhiteElo "2060"]
[BlackElo "1926"]
[Annotator "NA"]
[PlyCount "57"]
[EventDate "2019.06.20"]
[EventType "team-tourn"]
[EventCountry "GER"]
[SourceTitle "playchess.com"]
[Source "ChessBase"]
[SourceQuality "1"]
[WhiteTeam "Niedersachsen Bremen"]
[BlackTeam "Saarland"]
[TimeControl "40/5400+30:1800+30"]

1. d4 {[%emt 0:00:00]} d5 {[%emt 0:00:00]} 2. Nf3 {[%emt 0:00:09]} Bf5 {[%emt 0:00:37]} 3. e3 {[%emt 0:00:38]} Nf6 {[%emt 0:00:23]} 4. Ne5 {[%emt 0:00:28]} e6 {[%emt 0:02:07]} 5. g4 {[%emt 0:00:29]} Bg6 {[%emt 0:00:19]} 6. h4 {[%emt 0:00:09]} h5 {[%emt 0:20:50]} 7. Nxg6 {[%emt 0:04:54]} fxg6 {[%emt 0:00:06]} 8. g5 {[%emt 0:00:16]} Ne4 {[%emt 0:00:38]} 9. Bd3 {[%emt 0:00:36]} Qd6 {[%emt 0:02:34]} 10. Qf3 {[%emt 0:04:16]} Qc6 {[%emt 0:00:41]} 11. O-O {[%emt 0:25:49]} Bd6 {[%emt 0:01:30]} 12. Nd2 {[%emt 0:00:46]} Nxd2 {[%emt 0:01:41]} 13. Bxg6+ {[%emt 0:00:08]} Kd8 {[%emt 0:01:23]} 14. Bxd2 {[%emt 0:00:17]} Qd7 {[%emt 0:00:39]} 15. Qf7 {[%emt 0:02:12]} Qxf7 {[%emt 0:01:00]} 16. Bxf7 {[%emt 0:00:01]} Ke7 {[%emt 0:00:10]} 17. Bg6 {[%emt 0:00:09]} Nd7 {[%emt 0:01:05]} 18. f4 {[%emt 0:00:23]} c5 {[%emt 0:00:23]} 19. c3 {[%emt 0:01:48]} Raf8 {[%emt 0:00:24]} 20. Kg2 {[%emt 0:00:33]} Nb6 {[%emt 0:01:33]} 21. b3 {[%emt 0:00:22]} Nd7 {[%emt 0:01:39]} 22. Rae1 {[%emt 0:00:50]} Rc8 {[%emt 0:00:25]} 23. Bb1 {[%emt 0:03:50]} c4 {[%emt 0:02:56]} 24. e4 {[%emt 0:01:30]} dxe4 {[%emt 0:04:33]} 25. Bxe4 {[%emt 0:02:08]} b5 {[%emt 0:01:03]} 26. Bd5 {[%emt 0:01:59]} Ba3 {[%emt 0:05:23]} 27. Rxe6+ {[%emt 0:06:48]} Kd8 {[%emt 0:02:29]} 28. Ra6 {[%emt 0:02:09]} Nb6 {[%emt 0:09:23]} 29. Be6 {[%emt 0:01:36]} 1-0

[Event "DFMMLV 2019"]
[Site "Braunfels"]
[Date "2019.06.22"]
[Round "4.50"]
[White "Noll, Sonja"]
[Black "Moenster, Madita"]
[Result "0-1"]
[WhiteElo "1777"]
[BlackElo "1994"]
[Annotator "NA"]
[PlyCount "40"]
[EventDate "2019.06.20"]
[EventType "team-tourn"]
[EventCountry "GER"]
[SourceTitle "playchess.com"]
[Source "ChessBase"]
[SourceQuality "1"]
[WhiteTeam "Saarland"]
[BlackTeam "Niedersachsen Bremen"]
[TimeControl "40/5400+30:1800+30"]

1. e4 {[%emt 0:00:00]} c5 {[%emt 0:00:00]} 2. Nf3 {[%emt 0:00:00]} d6 {[%emt 0:00:00]} 3. Bc4 {[%emt 0:00:59]} Nf6 {[%emt 0:04:20]} 4. d3 {[%emt 0:01:00]} g6 {[%emt 0:01:34]} 5. O-O {[%emt 0:01:28]} Bg7 {[%emt 0:00:32]} 6. c3 {[%emt 0:00:31]} O-O {[%emt 0:00:58]} 7. Re1 {[%emt 0:03:41]} e6 {[%emt 0:06:39]} 8. a3 {[%emt 0:03:41]} d5 {[%emt 0:03:07]} 9. exd5 {[%emt 0:03:46]} exd5 {[%emt 0:00:17]} 10. Ba2 {[%emt 0:02:21]} Qc7 {[%emt 0:03:12]} 11. Bg5 {[%emt 0:02:38]} Be6 {[%emt 0:02:14]} 12. Nbd2 {[%emt 0:06:39]} Nbd7 {[%emt 0:05:40]} 13. Qa4 {[%emt 0:03:28]} Nh5 {[%emt 0:08:23]} 14. Rac1 {[%emt 0:09:30]} a6 {[%emt 0:03:13]} 15. d4 {[%emt 0:07:12]} c4 {[%emt 0:03:57]} 16. Be7 {[%emt 0:07:53]} Rfe8 {[%emt 0:00:58]} 17. Qb4 {[%emt 0:00:09]} Qc6 {[%emt 0:15:23]} 18. Bb1 {[%emt 0:13:26]} Rxe7 {[%emt 0:05:08]} 19. Qxe7 {[%emt 0:00:29]} Bf6 {[%emt 0:00:33]} 20. Rxe6 {[%emt 0:09:16]} fxe6 {[%emt 0:01:05]} 0-1

[Event "DFMMLV 2019"]
[Site "Braunfels"]
[Date "2019.06.22"]
[Round "4.51"]
[White "Aden, Dagmar"]
[Black "Ramm, Madlen"]
[Result "1/2-1/2"]
[WhiteElo "1855"]
[BlackElo "1733"]
[Annotator "NA"]
[PlyCount "80"]
[EventDate "2019.06.20"]
[EventType "team-tourn"]
[EventCountry "GER"]
[SourceTitle "playchess.com"]
[Source "ChessBase"]
[SourceQuality "1"]
[WhiteTeam "Niedersachsen Bremen"]
[BlackTeam "Saarland"]
[TimeControl "40/5400+30:1800+30"]

1. e4 {[%emt 0:00:00]} d5 {[%emt 0:00:00]} 2. exd5 {[%emt 0:00:00]} Qxd5 {[%emt 0:00:00]} 3. Nc3 {[%emt 0:00:00]} Qd6 {[%emt 0:00:01]} 4. Bc4 {[%emt 0:02:19]} Nf6 {[%emt 0:02:23]} 5. d4 {[%emt 0:03:48]} c6 {[%emt 0:04:28]} 6. Nge2 {[%emt 0:03:20]} Bg4 {[%emt 0:02:37]} 7. f3 {[%emt 0:00:31]} Bf5 {[%emt 0:01:22]} 8. Bf4 {[%emt 0:04:06]} Qb4 {[%emt 0:04:20]} 9. Bb3 {[%emt 0:01:56]} e6 {[%emt 0:00:40]} 10. O-O {[%emt 0:04:39]} Be7 {[%emt 0:00:54]} 11. Kh1 {[%emt 0:03:25]} O-O {[%emt 0:00:57]} 12. Ng3 {[%emt 0:03:22]} Bg6 {[%emt 0:02:27]} 13. Nce4 {[%emt 0:01:24]} Nd5 {[%emt 0:05:17]} 14. c3 {[%emt 0:02:00]} Qb6 {[%emt 0:03:26]} 15. Bd2 {[%emt 0:01:02]} Nd7 {[%emt 0:00:42]} 16. f4 {[%emt 0:06:24]} Bxe4 {[%emt 0:09:08]} 17. Nxe4 {[%emt 0:00:11]} N7f6 {[%emt 0:01:55]} 18. Nxf6+ {[%emt 0:01:10]} Bxf6 {[%emt 0:02:43]} 19. Qg4 {[%emt 0:11:09]} c5 {[%emt 0:03:38]} 20. Bxd5 {[%emt 0:00:22]} exd5 {[%emt 0:00:33]} 21. dxc5 {[%emt 0:06:18]} Qxb2 {[%emt 0:03:29]} 22. Rfd1 {[%emt 0:02:05]} Qa3 {[%emt 0:06:18]} 23. Rab1 {[%emt 0:05:50]} Qxc5 {[%emt 0:04:43]} 24. Rxb7 {[%emt 0:00:40]} Rab8 {[%emt 0:04:37]} 25. Rbb1 {[%emt 0:08:18]} Qa3 {[%emt 0:02:33]} 26. f5 {[%emt 0:05:51]} Rxb1 {[%emt 0:00:55]} 27. Rxb1 {[%emt 0:00:10]} Qxa2 {[%emt 0:01:22]} 28. Rd1 {[%emt 0:01:23]} Qc4 {[%emt 0:04:09]} 29. Qf3 {[%emt 0:02:33]} Re8 {[%emt 0:07:51]} 30. Rb1 {[%emt 0:01:19]} Qe4 {[%emt 0:02:46]} 31. Qxe4 {[%emt 0:04:10]} dxe4 {[%emt 0:00:17]} 32. Kg1 {[%emt 0:00:24]} e3 {[%emt 0:00:32]} 33. Bxe3 {[%emt 0:00:42]} Bxc3 {[%emt 0:02:23]} 34. Bxa7 {[%emt 0:00:24]} Re1+ {[%emt 0:02:27]} 35. Rxe1 {[%emt 0:00:09]} Bxe1 {[%emt 0:00:07]} 36. Kf1 {[%emt 0:00:33]} Bc3 {[%emt 0:00:32]} 37. Ke2 {[%emt 0:00:53]} g6 {[%emt 0:01:09]} 38. fxg6 {[%emt 0:01:03]} hxg6 {[%emt 0:01:05]} 39. Kf3 {[%emt 0:01:44]} Kg7 {[%emt 0:00:16]} 40. Be3 {[%emt 0:01:56]} Kf6 {[%emt 0:02:03]} 1/2-1/2

[Event "DFMMLV 2019"]
[Site "Braunfels"]
[Date "2019.06.22"]
[Round "4.52"]
[White "Fuchs, Emily"]
[Black "Wollscheid, Stefanie"]
[Result "0-1"]
[WhiteElo "1384"]
[BlackElo "1705"]
[Annotator "NA"]
[PlyCount "67"]
[EventDate "2019.06.20"]
[EventType "team-tourn"]
[EventCountry "GER"]
[SourceTitle "playchess.com"]
[Source "ChessBase"]
[SourceQuality "1"]
[WhiteTeam "Saarland"]
[BlackTeam "Niedersachsen Bremen"]
[TimeControl "40/5400+30:1800+30"]

1. e4 {[%emt 0:00:00]} c5 {[%emt 0:00:00]} 2. d4 {[%emt 0:00:00]} cxd4 {[%emt 0:00:00]} 3. c3 {[%emt 0:00:00]} d6 {[%emt 0:00:11]} 4. cxd4 {[%emt 0:01:06]} Qb6 {[%emt 0:00:27]} 5. Nc3 {[%emt 0:03:55]} Nc6 {[%emt 0:02:22]} 6. Bb5 {[%emt 0:14:05]} Bd7 {[%emt 0:08:02]} 7. Be3 {[%emt 0:07:39]} Qd8 {[%emt 0:01:04]} 8. Nf3 {[%emt 0:03:31]} a6 {[%emt 0:06:14]} 9. Be2 {[%emt 0:10:56]} Nf6 {[%emt 0:06:39]} 10. O-O {[%emt 0:03:34]} h6 {[%emt 0:07:43]} 11. h3 {[%emt 0:10:52]} g5 {[%emt 0:05:15]} 12. e5 {[%emt 0:02:44]} Nh7 {[%emt 0:01:27]} 13. exd6 {[%emt 0:01:04]} exd6 {[%emt 0:00:23]} 14. d5 {[%emt 0:04:05]} Ne7 {[%emt 0:01:31]} 15. Bd4 {[%emt 0:03:31]} Rg8 {[%emt 0:03:07]} 16. Bd3 {[%emt 0:09:16]} Nf5 {[%emt 0:09:20]} 17. Re1+ {[%emt 0:03:18]} Be7 {[%emt 0:00:15]} 18. Ne4 {[%emt 0:01:17]} Kf8 {[%emt 0:04:02]} 19. Qb3 {[%emt 0:05:27]} b5 {[%emt 0:05:46]} 20. Bc3 {[%emt 0:05:56]} g4 {[%emt 0:02:43]} 21. hxg4 {[%emt 0:00:50]} Rxg4 {[%emt 0:00:35]} 22. Bb4 {[%emt 0:02:23]} Kg8 {[%emt 0:10:36]} 23. Rac1 {[%emt 0:04:56]} Nf8 {[%emt 0:07:45]} 24. Re2 {[%emt 0:01:04]} Rc8 {[%emt 0:01:43]} 25. Rec2 {[%emt 0:00:21]} Rxc2 {[%emt 0:00:25]} 26. Qxc2 {[%emt 0:00:14]} Nh4 {[%emt 0:05:09]} 27. Nxh4 {[%emt 0:00:40]} Rxh4 {[%emt 0:00:20]} 28. Bxd6 {[%emt 0:00:37]} Bxd6 {[%emt 0:00:04]} 29. Nxd6 {[%emt 0:00:10]} Qg5 {[%emt 0:04:03]} 30. Ne4 {[%emt 0:00:54]} Qg7 {[%emt 0:00:38]} 31. Qc7 {[%emt 0:00:34]} Rg4 {[%emt 0:01:09]} 32. Ng3 {[%emt 0:00:28]} Rg5 {[%emt 0:01:09]} 33. d6 Rd5 {[%emt 0:00:52]} 34. Be4 {[%emt 0:00:00]} 0-1

[Event "DFMMLV 2019"]
[Site "Braunfels"]
[Date "2019.06.22"]
[Round "4.54"]
[White "Weinmann, Helene"]
[Black "Wenke, Andrea"]
[Result "1/2-1/2"]
[WhiteElo "1522"]
[BlackElo "1756"]
[Annotator "NA"]
[PlyCount "63"]
[EventDate "2019.06.20"]
[EventType "team-tourn"]
[EventCountry "GER"]
[SourceTitle "playchess.com"]
[Source "ChessBase"]
[SourceQuality "1"]
[WhiteTeam "Saarland"]
[BlackTeam "Niedersachsen Bremen"]
[TimeControl "40/5400+30:1800+30"]

1. d4 {[%emt 0:00:00]} d6 {[%emt 0:00:00]} 2. Nf3 {[%emt 0:00:00]} g6 {[%emt 0:00:16]} 3. c3 {[%emt 0:00:23]} Bg7 {[%emt 0:00:07]} 4. e4 {[%emt 0:01:40]} Bg4 {[%emt 0:02:34]} 5. Be2 {[%emt 0:00:54]} c6 {[%emt 0:01:55]} 6. O-O {[%emt 0:03:54]} Nf6 {[%emt 0:03:18]} 7. Nbd2 {[%emt 0:01:15]} O-O {[%emt 0:01:03]} 8. Bd3 {[%emt 0:02:29]} Nbd7 {[%emt 0:05:49]} 9. Qc2 {[%emt 0:09:02]} e5 {[%emt 0:01:31]} 10. h3 {[%emt 0:02:38]} Be6 {[%emt 0:03:00]} 11. Re1 {[%emt 0:01:41]} exd4 {[%emt 0:01:53]} 12. Nxd4 {[%emt 0:00:43]} Ne5 {[%emt 0:01:44]} 13. Nxe6 {[%emt 0:00:48]} fxe6 {[%emt 0:00:23]} 14. Be2 {[%emt 0:02:42]} Nfd7 {[%emt 0:05:58]} 15. Nf3 {[%emt 0:03:47]} Nxf3+ {[%emt 0:01:20]} 16. Bxf3 {[%emt 0:00:26]} Ne5 {[%emt 0:00:46]} 17. Be2 {[%emt 0:04:15]} Qh4 {[%emt 0:03:34]} 18. Be3 {[%emt 0:00:37]} d5 {[%emt 0:03:54]} 19. exd5 {[%emt 0:01:47]} exd5 {[%emt 0:00:07]} 20. Rf1 {[%emt 0:00:46]} Rf7 {[%emt 0:04:23]} 21. Bd4 {[%emt 0:02:49]} a6 {[%emt 0:03:06]} 22. Bxe5 {[%emt 0:01:05]} Bxe5 {[%emt 0:00:11]} 23. Bg4 {[%emt 0:01:28]} Kg7 {[%emt 0:10:07]} 24. Rae1 {[%emt 0:02:12]} Bd6 {[%emt 0:01:58]} 25. Re6 {[%emt 0:03:43]} Bc5 {[%emt 0:01:02]} 26. Qe2 {[%emt 0:16:24]} Qg5 {[%emt 0:07:41]} 27. Qe5+ {[%emt 0:04:16]} Qxe5 {[%emt 0:00:11]} 28. Rxe5 {[%emt 0:00:20]} Raf8 {[%emt 0:00:11]} 29. Re2 {[%emt 0:01:46]} Re7 {[%emt 0:01:04]} 30. Rxe7+ {[%emt 0:00:44]} Bxe7 {[%emt 0:00:05]} 31. Bf3 {[%emt 0:04:27]} Rd8 {[%emt 0:03:10]} 32. Rd1 {[%emt 0:02:01]} 1/2-1/2